| 000 | 02645cam a2200337 i 4500 | ||
|---|---|---|---|
| 001 | 20267 | ||
| 003 | CO-MdFUSB | ||
| 005 | 20240131160835.0 | ||
| 008 | 180220t2013 xxu||||g |||| 00| 0 eng d | ||
| 020 | _a9780800699635 | ||
| 040 |
_aCO-MdFUSB _bspa _cCO-MdFUSB _dCO-MdFUSB _erda |
||
| 041 | _aeng | ||
| 082 |
_224 _aG 225.92 _bW9471p |
||
| 100 | 1 |
_aWright, N. T. _eautor |
|
| 242 | 1 | 0 |
_aPerspectivas paulinas _b: Ensayos sobre Paul, 1978-2013 _lInglés |
| 245 | 1 | 0 |
_aPauline perspectives _b: Essays on Paul, 1978-2013 _c/ N.T. Wright |
| 264 | 1 |
_aMinneapolis, Minnesota : _bFortress Press, _c℗2013 |
|
| 264 | 4 | _c©2013 | |
| 300 |
_axix, 620 páginas _b: _c24 cm. |
||
| 336 |
_2rdacontent _atexto _btxt |
||
| 337 |
_2rdamedia _asin mediación _bn |
||
| 338 |
_2rdacarrier _avolumen _bnc |
||
| 501 | _aIncluye índices (p. 607-620) | ||
| 504 | _aBibliografía (p. 593- 606) | ||
| 505 | 0 |
_tParte I: Oxford y Cambridge _aEl Pablo de la historia y el apóstol de la fe (1978). -- Justificación: La base bíblica y su relevancia para el evangelicalismo contemporáneo (1980). -- Piedad y buen aprendizaje: Romanos de Cranfield (1980). -- ¿Una nueva escuela en Tubinga? Ernst Käsemann y su comentario a Romanos (1982). -- Sobre llegar a ser la justicia de Dios: 2 Corintios 5.21 (1993). _tParte II: Lichfield y Westminster _aEvangelio y teología en Gálatas (1994). -- Romanos y la teología de Pablo (1995) Sobre la lectura teológica de Romanos. -- Dos judíos radicales: un artículo de revisión de Daniel Boyarin, Un judío radical: Pablo y la política de identidad (1996). -- La ley en Romanos 2 (1996). -- Pablo, Arabia y Elías (Gálatas 1,17) (1996). -- Nuevo Éxodo, Nueva Herencia: La Subestructura Narrativa de Romanos 3-8 (1999). -- El evangelio de Pablo y el imperio de César (2000). -- La Carta a los Gálatas: exégesis y teología (2000). -- La forma de la justificación (2001). -- ¿Regresar a casa, a San Pablo? Leyendo Romanos cien años después de Charles Gore (2002). -- Pablo y César: una nueva lectura de Romanos (2002). -- Comunión y koinonía: reflexiones paulinas sobre la tolerancia y los límites (2002). _tParte III: Durham _aNuevas perspectivas sobre Pablo (2003). -- ¿Redención desde la nueva perspectiva? Hacia una teología paulina de la cruz en múltiples niveles (2004). -- Pablo como predicador: El evangelio entonces y ahora (2007). -- 4QMMT y Paul: Justificación. 'Obras' y Escatología (2006). -- Romanos 9-11 y la 'Nueva Perspectiva' (2009) |
|
| 563 | _aRústico | ||
| 653 | _aPablo, el apóstol, santo | ||
| 942 | _cBK | ||
| 945 | _aAF | ||
| 999 |
_c46618 _d46618 |
||